URBANISATION IN INDIA CHALLENGES OPPORTU (Record no. 23293)

MARC details
000 -LEADER
fixed length control field 00359nam a2200133Ia 4500
008 - FIXED-LENGTH DATA ELEMENTS--GENERAL INFORMATION
fixed length control field 240624s9999 xx 000 0 und d
041 ## - LANGUAGE CODE
Language code of text/sound track or separate title eng
082 ## - DEWEY DECIMAL CLASSIFICATION NUMBER
Classification number 301.36 AHL
100 ## - MAIN ENTRY--PERSONAL NAME
Personal name AHLUWALIA ISHER JUDGE
245 ## - TITLE STATEMENT
Title URBANISATION IN INDIA CHALLENGES OPPORTU
260 ## - PUBLICATION, DISTRIBUTION, ETC.
Date of publication, distribution, etc. 2014
Place of publication, distribution, etc. New Delhi
Name of publisher, distributor, etc. Sage India
300 ## - PHYSICAL DESCRIPTION
Extent xx, : 337 : p. : cm. ; 22
365 ## - TRADE PRICE
Currency code RS
Price amount 40
Holdings
Withdrawn status Lost status Damaged status Not for loan Home library Current library Shelving location Date acquired Source of acquisition Cost, normal purchase price Full call number Barcode Date last seen Copy number Price effective from Koha item type
        IMTN IMTN Rack 5-A 09/30/2014 RW 850.00 301.36 AHL 23293 06/24/2024 1 06/24/2024 Books
Designed & Maintained by: LRC IMT Nagpur Contact: lrc@imtnag.ac.in© 2024. All Rights Reserved.